|
|
|
|
| LEADER |
02614nam a2200649 a 4500 |
| 001 |
nkc20102133229 |
| 003 |
CZ PrNK |
| 005 |
20101209092208.0 |
| 007 |
ta |
| 008 |
101022s2010 xr e p 000 0 cze |
| 015 |
|
|
|a cnb002133229
|
| 020 |
|
|
|a 978-80-7375-439-6
|q (brož.)
|
| 035 |
|
|
|a (OCoLC)697266681
|
| 040 |
|
|
|a OLA001
|b cze
|
| 043 |
|
|
|a e-xr---
|
| 072 |
|
7 |
|a 63
|x Zemědělství a příbuzné oblasti vědy a techniky
|2 Konspekt
|9 24
|
| 080 |
|
|
|a 63(091)
|2 MRF
|
| 080 |
|
|
|a 634/635(091)
|2 MRF
|
| 080 |
|
|
|a 001.891
|2 MRF
|
| 080 |
|
|
|a 37.09
|2 MRF
|
| 080 |
|
|
|a 37.091(091)
|2 MRF
|
| 080 |
|
|
|a (437.3)
|2 MRF
|
| 080 |
|
|
|a (075.8)
|2 MRF
|
| 100 |
1 |
|
|a Salaš, Petr,
|d 1963-
|7 mzk2002148127
|4 aut
|
| 245 |
1 |
0 |
|a Stručná historie zahradnictví IV /
|c Petr Salaš, Jan Lužný
|
| 250 |
|
|
|a 1. vyd.
|
| 260 |
|
|
|a Brno :
|b Mendelova univerzita v Brně,
|c 2010
|
| 300 |
|
|
|a 112 s. ;
|c 30 cm
|
| 500 |
|
|
|a Na obálce nad názvem: Zahradnická fakulta
|
| 500 |
|
|
|a 260 výt.
|
| 504 |
|
|
|a Obsahuje bibliografii a bibliografické odkazy
|
| 650 |
0 |
7 |
|a dějiny zemědělství
|7 ph488801
|2 czenas
|
| 650 |
0 |
7 |
|a dějiny zemědělství
|7 ph488801
|z Česko
|2 czenas
|
| 650 |
0 |
7 |
|a dějiny zahradnictví
|7 ph489120
|2 czenas
|
| 650 |
0 |
7 |
|a dějiny zahradnictví
|7 ph489120
|z Česko
|2 czenas
|
| 650 |
0 |
7 |
|a vědecký výzkum
|7 ph116680
|z Česko
|2 czenas
|
| 650 |
0 |
7 |
|a školství
|7 ph116829
|z Česko
|2 czenas
|
| 650 |
0 |
7 |
|a dějiny školství
|7 ph536908
|z Česko
|2 czenas
|
| 650 |
0 |
9 |
|a history of agriculture
|2 eczenas
|
| 650 |
0 |
9 |
|a history of agriculture
|z Czechia
|2 eczenas
|
| 650 |
0 |
9 |
|a history of horticulture
|2 eczenas
|
| 650 |
0 |
9 |
|a history of horticulture
|z Czechia
|2 eczenas
|
| 650 |
0 |
9 |
|a scientific research
|z Czechia
|2 eczenas
|
| 650 |
0 |
9 |
|a education
|z Czechia
|2 eczenas
|
| 650 |
0 |
9 |
|a history of education
|z Czechia
|2 eczenas
|
| 655 |
|
7 |
|a učebnice vysokých škol
|7 fd133772
|2 czenas
|
| 655 |
|
9 |
|a textbooks (higher)
|2 eczenas
|
| 700 |
1 |
|
|a Lužný, Jan,
|d 1926-2013
|7 jk01072712
|4 aut
|
| 710 |
2 |
|
|a Mendelova univerzita.
|b Zahradnická fakulta
|7 kn20100419005
|
| 910 |
2 |
|
|a BOA001
|b 4-1252.873
|
| 990 |
|
|
|a BK
|
| 995 |
|
|
|a 01
|
| 991 |
|
|
|b 201012
|c NOV
|e n
|j 635 SAL
|
| 996 |
6 |
|
|b 2610453732
|c 4-1252.873
|l MZK
|r Sklad / do 1 hodiny
|n 0
|p p.v.
|w 001155459
|u 000010
|a 1
|e BOA001
|j MZK50
|s P
|
| 996 |
7 |
|
|b 2610453733
|c 4-1252.873
|l MZK
|r Sklad / do 1 hodiny
|n 2
|p p.v.
|w 001155459
|u 000020
|a 1
|e BOA001
|j MZK50
|s A
|
| 996 |
7 |
|
|b 2610456198
|c 4-1252.873
|l MZK
|r Sklad / do 1 hodiny
|n 2
|p kup
|w 001155459
|u 000030
|a 1
|e BOA001
|j MZK50
|s A
|
| 996 |
7 |
|
|b 2610456199
|c 4-1252.873
|l MZK
|r Sklad / do 1 hodiny
|n 2
|p kup
|w 001155459
|u 000040
|a 1
|e BOA001
|j MZK50
|s A
|